Hitler - Statistiques

Statistiques générales
  • Ce quiz a été pris 8 fois
  • Le résultat moyen est 6 sur 15
Statistiques - réponses
Hint Réponse % Correct
arrivée au pouvoir 1933
100%
pays de naissance Autriche
100%
année apogée 1944
83%
son livre Mein Kampf
83%
idole Hitler
67%
qui l'a tué? Hitler
67%
date de naissance 20 avril 1889
33%
objectif secondaire conquérir le monde
17%
objectif principal éliminer les juifs
17%
nom de sa femme Eva Braun
17%
compositeur préféré Wagner
17%
film préféré 3 petits cochons
0%
alliés principaux Mussolini et Hiro Hito
0%
bras droit Rudolf Hess
0%
nom de son chien Stasi
0%
Aucun quiz correspondant
Distribution des résultats
% des personnes avec chaque résultat
Percentile par nombre de réponses
Votre historique - résultats
Vous n’avez pas pris ce quiz